00438nam a2200157Ia 4500001000500000005001700005008004100022041000800063082001700071100003400088245010500122260000900227300002800236650000800264654000800272789220260306160529.0260306t2009||||xx |||||||||||||| ||spa|| aESP a363.69bR715 aRanaboldo, Claudia (Ed.)eAUT 0aEl valor del patrimonio cultural:bterritorios rurales, experiencias y proyecciones latinoamericanas c2009 a408 páginas :c20 cm. aGEN aCHU